000 00922nam a2200205Ia 4500
003 GCL
005 20240530110859.0
008 140319s2005 ua 000 0 ara d
016 _a2005/14902
_2مصر. دار الكتب
040 _aGCL /
_cGCL
082 0 4 _a305.4049502/
_bع م
_221
100 0 _aعبدالعزيز رمضان
245 1 0 _aالمراة والمجتمع فى الامبراطورية البيزنطية :
_bمن القرن التاسع وحتى نهاية القرن الثانى عشر الميلادى /
_cعبدالعزيز رمضان
260 _aالقاهرة :
_bمصر العربية للنشر والتوزيع،
_c2005.
300 _a280 ص. ؛
_c24 سم.
650 0 7 _2qrmak
_aالمرأة فى الحياة العامة
650 0 7 _2qrmak
_aالمرأة فى التاريخ
_yالامبراطورية البيزنطية
650 0 7 _2qrmak
_aالمرأة العربية
942 _2ddc
_cBK
999 _c66092
_d66092